000 01049nam a2200193Ia 4500
999 _c36302
_d36302
001 2209
003 GE_BSU
005 20190522151648.0
008 181216s1964||||ge |||||||||||||| ||geo||
040 _cGE_BSU
041 _ageo
080 _a911.2(479.22) მ–34
100 _aმარუაშვილი, ლევან
_91502
245 _aსაქართველოს ფიზიკური გეოგრაფია :
_b საქ. სსრ ბუნებრივი პირობების ზოგადი დახასიათება და რეგიონული აღწერილობა : სახელმძღვ. უმაღლ. სასწ. გეოგრ. ფაკ-ტისათვის /
_cლევან მარუაშვილი.
264 _aთბილისი:
_bცოდნა,
_c1964.
300 _a343 გვ. :
_bილ.; რუკ. ;
_c26სმ.
653 _aსაქართველოს ფიზიკური გეოგრაფია
942 _cBK
_2udc